Sports Quiz

Random Sports or NCAA Quiz

NCAA Divison 1 Basketball Team Names Quiz Stats

 Plays Quiz not verified by Sporcle

Challenge
Share
Tweet
Embed
Score 0/30 Timer 05:00
0 Plays Today
Teams Names % Correct
TCUHorned Frogs
90.2%
RichmondSpiders
86.7%
East CarolinaPirates
82.4%
TulaneGreen Wave
80.9%
DavidsonWildcats
68.8%
Wichita StateShockers
65.6%
Central MichiganChippewas
64.8%
ToledoRockets
64.5%
WinthropEagles
63.7%
MarshallThundering Herd
62.5%
MaineBlack Bears
57.4%
UNC Charlotte49ers
55.9%
Louisiana LafayetteRagin Cajuns
55.5%
Youngstown StatePenguins
53.9%
TowsonTigers
53.5%
Teams Names % Correct
George WashingtonColonials
53.5%
Bowling GreenFalcons
52.3%
San FranciscoDons
48.8%
BradleyBraves
47.3%
La SalleExplorers
40.6%
UTSARoadrunners
32.8%
MaristRed Foxes
32.4%
UC Santa BarbaraGauchos
29.7%
HartfordHawks
27.3%
DenverPioneers
27.3%
Santa ClaraBroncos
26.2%
LafayetteLeopards
25%
Saint Peter'sPeacocks
23%
High PointPanthers
20.7%
ColgateRed Raiders
18.8%

You're not logged in!

Compare scores with friends on all Sporcle quizzes.
Join for Free
OR
Log In

You Might Also Like...

Show Comments

Extras

Top Quizzes Today


Score Distribution

Your Account Isn't Verified!

In order to create a playlist on Sporcle, you need to verify the email address you used during registration. Go to your Sporcle Settings to finish the process.

Report this User

Report this user for behavior that violates our Community Guidelines.

Details: